Mount Rushmore for Countries (FIFA) - Statistics

General Stats
  • This quiz has been taken 20 times
  • The average score is 49 of 80
Answer Stats
Country Postion Name % Correct
Portugal Forward Cristiano Ronaldo
100%
Argentina Forward/Midfielder Diego Maradona
100%
Hungary Forward Ferenc Puskas
100%
Argentina Forward Lionel Messi
100%
Brazil Forward Ronaldo
100%
Italy Goalkeeper Gianluigi Buffon
95%
Belgium Midfielder Kevin De Bruyne
95%
Croatia Midfielder Luka Modric
95%
Brazil Forward Pele
95%
France Midfielder Zinedine Zidane
95%
Germany Forward Gerd Muller
89%
England Forward Harry Kane
89%
Netherlands Forward/Midfielder Johan Cruyff
89%
France Forward Kylian Mbappe
89%
Denmark Goalkeeper Peter Schmeichel
89%
Poland Forward Robert Lewandowski
89%
Chile Forward Alexis Sanchez
84%
Spain Midfielder Andres Iniesta
84%
Portugal Forward Eusebio
84%
Mexico Forward Hugo Sanchez
84%
Brazil Forward/Midfielder Neymar
84%
Brazil Forward/Midfielder Ronaldinho
84%
Belgium Goalkeeper Thibaut Courtois
84%
France Forward Thierry Henry
84%
Spain Midfielder Xavi
84%
Spain Forward David Villa
79%
Belgium Forward/Midfielder Eden Hazard
79%
Sweden Forward Henrik Larsson
79%
Spain Goalkeeper Iker Casillas
79%
Uruguay Forward Luis Suarez
79%
Italy Forward/Midfielder Roberto Baggio
79%
Belgium Forward Romelu Lukaku
79%
Sweden Forward Zlatan Ibrahimovic
79%
Chile Midfielder Arturo Vidal
74%
England Midfielder David Beckham
74%
Germany Defender Franz Beckenbauer
74%
Croatia Midfielder Ivan Rakitic
74%
Colombia Forward/Midfielder James Rodriguez
74%
England Forward/Midfielder Wayne Rooney
74%
Denmark Midfielder Chrstian Eriksen
68%
Portugal Midfielder Luis Figo
68%
Netherlands Forward Marco van Basten
68%
Germany Forward Miroslav Klose
68%
USA Goalkeeper Tim Howard
68%
England Forward/Midfielder Bobby Charlton
63%
Uruguay Forward Edinson Cavani
63%
France Midfielder Michel Platini
63%
Netherlands Forward/Midfielder/Defender Ruud Gullit
63%
Mexico Forward Javier Hernandez
58%
Croatia Forward Davor Suker
53%
Uruguay Forward Diego Forlan
53%
Mexico Goalkeeper Guillermo Ochoa
53%
USA Forward/Midfielder Landon Donovan
53%
Germany Midfielder/Defender Lothar Matthaus
53%
Denmark Midfielder Michael Laudrup
53%
USA Midfielder Christian Pulisic
47%
USA Forward/Midfielder Clint Dempsey
47%
Argentina Forward Gabriel Batistuta
47%
Italy Forward Gigi Riva
47%
Colombia Forward Radamel Falcao
47%
Chile Goalkeeper Cladio Bravo
42%
Argentina Forward/Midfielder Mario Kempes
42%
Croatia Midfielder/Defender Ivan Perisic
37%
Colombia Goalkeeper David Ospina
32%
Mexico Defender Rafael Marquez
32%
Portugal Midfielder Rui Costa
32%
Poland Midfielder Zbigniew Boniek
21%
Netherlands Forward/Midfielder Dennis Bergkamp
16%
Italy Forward/Midfielder Giuseppe Meazza
16%
Hungary Forward Sandor Kocsis
16%
Poland Forward Grzegorz Lato
11%
Sweden Forward Gunnar Nordahl
5%
Poland Forward Wlodzimierz Lubański
5%
Colombia Forward Arnoldo Iguarán
0%
Chile Forward/Midfielder Eduardo Vargas
0%
Hungary Goalkeeper Gyula Grosics
0%
Uruguay Forward Hector Scarone
0%
Hungary Midfielder Jozsef Bozsik
0%
Sweden Midfielder Nils Liedholm
0%
Denmark Forward Poul Nielsen
0%
No matching quizzes found
Score Distribution
Percent of People with Each Score
Percentile by Number Answered
Your Score History
You have not taken this quiz